18 de amor / (Registro nro. 30333)

Detalles MARC
000 -LEADER
fixed length control field 00324nam a22001337a 4500
003 - CONTROL NUMBER IDENTIFIER
control field OSt
005 - DATE AND TIME OF LATEST TRANSACTION
control field 20231124164123.0
008 - FIXED-LENGTH DATA ELEMENTS--GENERAL INFORMATION
fixed length control field 231124b |||||||| |||| 00| 0 eng d
040 ## - CATALOGING SOURCE
Transcribing agency CO-JMCR
082 ## - DEWEY DECIMAL CLASSIFICATION NUMBER
Classification number C /
Item number WOLf
100 ## - MAIN ENTRY--PERSONAL NAME
Personal name Wolf Fernández
Relator term Autor
9 (RLIN) 42937
245 ## - TITLE STATEMENT
Title 18 de amor /
Statement of responsibility, etc. Fernández Wolf
942 ## - ADDED ENTRY ELEMENTS (KOHA)
Source of classification or shelving scheme Dewey Decimal Classification
Koha item type Books
Existencias
Withdrawn status Lost status Source of classification or shelving scheme Damaged status Not for loan Home library Current library Date acquired Total Checkouts Full call number Barcode Date last seen Price effective from Koha item type Public note
    Dewey Decimal Classification     Biblioteca Pública José María del Castillo y Rada Biblioteca Pública José María del Castillo y Rada 11/24/2023   C / WOLf 35714004107058 11/24/2023 11/24/2023 Books Material interbibliotecario Bibliored